00443nam a2200169Ia 450000500170000000800410001702000220005804100120008008200150009210000190010724500520012625000080017826000280018650000080021465000330022270000180025520240823044943.0240823s9999||||xx |||||||||||||| ||und|| a978-81-7473-245-4 aENGLISH A658.848 P4 aYogendra Singh 0aInternational Business and marketing Management a1st c2004bAITBS Publishers  aYES aBusinessbManagement Studies a Mamta Pandey